000 00896nam a2200229 i 4500
001 44589
003 ES-MaACL
005 20251009202611.0
007 t|
008 030321s1917 sp ||||1| spa d
100 1 _aCebrián y Saura, José.
_937304
245 1 0 _aPáginas gloriosas de la Marina de Guerra española /
_cpor José Cebrián y Saura ; dos palabras de Ramón Auñón y Villalón.
260 _aMadrid :
_bImp. de M. Álvarez,
_c1917.
300 _a431 p. ;
_c24 cm.
530 _aDisponible en formato digital.
650 4 _aMarina de guerra-
_zEspaña-
_vHistoria.
_914782
700 0 _aPilares, Ramón Auñón y Villalón,
_cMarqués de
_992020
852 _aES-MaACL
_jD-2801
_cSVI
_zRevisado enlace: 10 de julio de 2025
856 4 _uhttp://bdh-rd.bne.es/viewer.vm?id=0000249036&page=1
_yBiblioteca Digital Hispánica
942 _2udc
999 _c44589
_d44589